=LDR 00000nam 2200000 4500 =001 INLIS000000000012975 =005 20130612104435 =008 ***********************************Ind** =035 ##$$0010-061300000012975 =041 ##$$a Ind =082 ##$$a 028.5 =090 ##$$a 028.5, Bak a =100 ##$$a Bakhri, Aullia Citra =245 ##$$a Aku ingin sekolah, Aullia Citra Bakhri =260 ##$$a 2003 $b Semarang =300 ##$$a 24 hlm, ilus, 15 cm =650 ##$$a Bacaan anak-anak =850 ##$$a NBPNMAT